| 000 | 00000nam##2200000za#4500 |
| 001 | 9.572284 |
| 003 | CaOODSP |
| 005 | 20210624183137 |
| 007 | cr ||||||||||| |
| 008 | 150406|2000||||xxc|||||o f|0| 0 eng|d |
| 040 | |aCaOODSP|beng |
| 043 | |an-cn--- |
| 086 | 1 |aNH18-22/100-133E-PDF |
| 110 | 2 |aCanada Mortgage and Housing Corporation. |
| 245 | 10|aRenovating distinctive homes : |h[electronic resource]|b1½ storey post-war homes |
| 260 | |aOttawa - Ontario : |bCanada Mortgage and Housing Corporation |c[2000]. |
| 300 | |a2p.|bfig. |
| 490 | 1 |aResearch highlight. Technical series|v00-133 |
| 590 | |a11-29-Supp|b2011-11-25 |
| 690 | 07|aHome renovations|2gcpds |
| 690 | 07|aHousing|2gcpds |
| 690 | 07|aMaintenance|2gcpds |
| 775 | 08|tLa maison réinventée : |w(CaOODSP)9.602662 |
| 776 | 0#|tRenovating distinctive homes: 1½ storey post-war homes |w(CaOODSP)9.615427 |
| 830 | #0|aResearch highlight. Technical series ;|v00-133|w(CaOODSP)9.504482 |
| 856 | 40|ahttp://publications.gc.ca|qPDF|s106 KB|uhttps://publications.gc.ca/collections/Collection/NH18-22-100-133E.pdf|y00-133 |